00967nam a2200229 a 4500001001000000003000500010005001700015008004100032010001100073011001100084040000900095100003600104245021000140260004100350500006000391502007200451650003000523650002600553650003700579650005100616856007000667000111637CHAP20220329144223.0150623s2015 mx sm |||||||spa d a108098 a109070 cCHAP1 aCortez Escobedo, José Domingo10aEvaluación financiera del programa modernización y tecnificación de unidades de riego de la Comisión Nacional del Agua 2011 en el Estado de Sonorah[En línea]cpor José Domingo Cortez Escobedo. aChapingo, Méx. :bEl autor,c2015. aPara ver el contenido del material haga clic en la liga aTesis (Ing. en Irrigación ) -- UACH. Departamento de Irrigación14aIndicadores económicos.14aIrrigaciónxCostos.14aIrrigaciónxProyectosxSonora.14aProgramas de desarrolloxEvaluaciónzSonora. aFinding aiduhttp://10.13.5.2/tesis/sist111637.pdfzTeclea aquí